<?xml version="1.0" encoding="UTF-8"?>
<collection xmlns="http://www.loc.gov/MARC21/slim">
<record>
  <controlfield tag="001">687965</controlfield>
  <controlfield tag="005">20251201152454.0</controlfield>
  <datafield tag="591" ind1=" " ind2=" ">
    <subfield code="a">Germany</subfield>
  </datafield>
  <datafield tag="980" ind1=" " ind2=" ">
    <subfield code="a">I:(DE-82)411910_20140620</subfield>
  </datafield>
  <datafield tag="980" ind1=" " ind2=" ">
    <subfield code="a">UNRESTRICTED</subfield>
  </datafield>
  <datafield tag="980" ind1=" " ind2=" ">
    <subfield code="a">VDB</subfield>
  </datafield>
  <datafield tag="980" ind1=" " ind2=" ">
    <subfield code="a">contb</subfield>
  </datafield>
  <datafield tag="980" ind1=" " ind2=" ">
    <subfield code="a">contrib</subfield>
  </datafield>
  <datafield tag="336" ind1="7" ind2=" ">
    <subfield code="0">33</subfield>
    <subfield code="2">EndNote</subfield>
    <subfield code="a">Conference Paper</subfield>
  </datafield>
  <datafield tag="336" ind1="7" ind2=" ">
    <subfield code="0">PUB:(DE-HGF)7</subfield>
    <subfield code="2">PUB:(DE-HGF)</subfield>
    <subfield code="a">Contribution to a book</subfield>
  </datafield>
  <datafield tag="336" ind1="7" ind2=" ">
    <subfield code="0">PUB:(DE-HGF)8</subfield>
    <subfield code="2">PUB:(DE-HGF)</subfield>
    <subfield code="a">Contribution to a conference proceedings</subfield>
    <subfield code="b">contrib</subfield>
    <subfield code="m">contrib</subfield>
  </datafield>
  <datafield tag="336" ind1="7" ind2=" ">
    <subfield code="2">BibTeX</subfield>
    <subfield code="a">INPROCEEDINGS</subfield>
  </datafield>
  <datafield tag="336" ind1="7" ind2=" ">
    <subfield code="2">DRIVER</subfield>
    <subfield code="a">conferenceObject</subfield>
  </datafield>
  <datafield tag="336" ind1="7" ind2=" ">
    <subfield code="2">DataCite</subfield>
    <subfield code="a">Output Types/Conference Paper</subfield>
  </datafield>
  <datafield tag="336" ind1="7" ind2=" ">
    <subfield code="2">ORCID</subfield>
    <subfield code="a">CONFERENCE_PAPER</subfield>
  </datafield>
  <datafield tag="700" ind1="1" ind2=" ">
    <subfield code="0">P:(DE-82)IDM00647</subfield>
    <subfield code="a">Lorenz, Michael</subfield>
    <subfield code="b">1</subfield>
    <subfield code="u">rwth</subfield>
  </datafield>
  <datafield tag="700" ind1="1" ind2=" ">
    <subfield code="0">P:(DE-82)117982</subfield>
    <subfield code="a">Mannheim, Tom-Philip</subfield>
    <subfield code="b">2</subfield>
    <subfield code="u">rwth</subfield>
  </datafield>
  <datafield tag="700" ind1="1" ind2=" ">
    <subfield code="0">P:(DE-82)IDM00222</subfield>
    <subfield code="a">Hüsing, Mathias</subfield>
    <subfield code="b">3</subfield>
    <subfield code="u">rwth</subfield>
  </datafield>
  <datafield tag="700" ind1="1" ind2=" ">
    <subfield code="0">P:(DE-82)IDM00228</subfield>
    <subfield code="a">Corves, Burkhard</subfield>
    <subfield code="b">4</subfield>
    <subfield code="u">rwth</subfield>
  </datafield>
  <datafield tag="111" ind1="2" ind2=" ">
    <subfield code="a">Fachtagung Mechatronik 2017</subfield>
    <subfield code="c">Dresden</subfield>
    <subfield code="d">2017-03-09 - 2017-03-10</subfield>
    <subfield code="w">Germany</subfield>
  </datafield>
  <datafield tag="250" ind1=" " ind2=" ">
    <subfield code="a">Nichtredigierter Manuskriptdruck</subfield>
  </datafield>
  <datafield tag="037" ind1=" " ind2=" ">
    <subfield code="a">RWTH-2017-03540</subfield>
  </datafield>
  <datafield tag="915" ind1="1" ind2=" ">
    <subfield code="0">StatID:(DE-HGF)0031</subfield>
    <subfield code="2">StatID</subfield>
    <subfield code="a">Peer reviewed article</subfield>
    <subfield code="x">0</subfield>
  </datafield>
  <datafield tag="910" ind1="1" ind2=" ">
    <subfield code="0">I:(DE-588b)36225-6</subfield>
    <subfield code="6">P:(DE-82)IDM00352</subfield>
    <subfield code="a">RWTH Aachen</subfield>
    <subfield code="b">0</subfield>
    <subfield code="k">RWTH</subfield>
  </datafield>
  <datafield tag="910" ind1="1" ind2=" ">
    <subfield code="0">I:(DE-588b)36225-6</subfield>
    <subfield code="6">P:(DE-82)IDM00647</subfield>
    <subfield code="a">RWTH Aachen</subfield>
    <subfield code="b">1</subfield>
    <subfield code="k">RWTH</subfield>
  </datafield>
  <datafield tag="910" ind1="1" ind2=" ">
    <subfield code="0">I:(DE-588b)36225-6</subfield>
    <subfield code="6">P:(DE-82)IDM00222</subfield>
    <subfield code="a">RWTH Aachen</subfield>
    <subfield code="b">3</subfield>
    <subfield code="k">RWTH</subfield>
  </datafield>
  <datafield tag="910" ind1="1" ind2=" ">
    <subfield code="0">I:(DE-588b)36225-6</subfield>
    <subfield code="6">P:(DE-82)IDM00228</subfield>
    <subfield code="a">RWTH Aachen</subfield>
    <subfield code="b">4</subfield>
    <subfield code="k">RWTH</subfield>
  </datafield>
  <datafield tag="300" ind1=" " ind2=" ">
    <subfield code="a">150-155</subfield>
  </datafield>
  <datafield tag="245" ind1=" " ind2=" ">
    <subfield code="a">Ansatz zur energieeffizienten Bahnplanung und Maßkonfiguration für den fünfgliedrigen Roboter RePlaLink</subfield>
    <subfield code="h">print</subfield>
  </datafield>
  <datafield tag="024" ind1="7" ind2=" ">
    <subfield code="2">ISBN</subfield>
    <subfield code="a">978-3-00-055832-0</subfield>
  </datafield>
  <datafield tag="260" ind1=" " ind2=" ">
    <subfield code="a">Dresden</subfield>
    <subfield code="b">Technische Universität</subfield>
    <subfield code="c">2017</subfield>
  </datafield>
  <datafield tag="100" ind1="1" ind2=" ">
    <subfield code="0">P:(DE-82)IDM00352</subfield>
    <subfield code="a">Paris, Jascha Norman</subfield>
    <subfield code="b">0</subfield>
    <subfield code="e">Corresponding author</subfield>
    <subfield code="u">rwth</subfield>
  </datafield>
  <datafield tag="041" ind1=" " ind2=" ">
    <subfield code="a">German</subfield>
  </datafield>
  <datafield tag="787" ind1="0" ind2=" ">
    <subfield code="0">RWTH-2017-04253</subfield>
    <subfield code="i">HasPart</subfield>
  </datafield>
  <datafield tag="909" ind1="C" ind2="O">
    <subfield code="o">oai:publications.rwth-aachen.de:687965</subfield>
    <subfield code="p">VDB</subfield>
  </datafield>
  <datafield tag="246" ind1=" " ind2="3">
    <subfield code="a">Approach for energy-efficient trajectory planning and dimensional configuration for the five-bar robot RePlaLink</subfield>
    <subfield code="y">English</subfield>
  </datafield>
  <datafield tag="920" ind1="1" ind2=" ">
    <subfield code="0">I:(DE-82)411910_20140620</subfield>
    <subfield code="k">411910</subfield>
    <subfield code="l">Lehrstuhl und Institut für Getriebetechnik und Maschinendynamik</subfield>
    <subfield code="x">0</subfield>
  </datafield>
  <datafield tag="295" ind1="1" ind2="0">
    <subfield code="a">Fachtagung Mechatronik 2017 : Dresden (09.03.-10.03.2017) / Herausgeber: T. Bertram, B. Corves, K. Janschek</subfield>
  </datafield>
</record>
</collection>